[Event "Bielefeld Gr2"]
[Site "Bielefeld"]
[Date "2005.05.14"]
[Round "1"]
[White "Calder, Dennis"]
[Black "Kalla, Christian"]
[Result "0-1"]
[WhiteElo "2053"]
[BlackElo "1928"]
[PlyCount "119"]
[EventDate "2005.05.13"]
[EventType "tourn"]
[EventRounds "7"]
[EventCountry "GER"]
[SourceTitle "EXT 2006"]
[Source "ChessBase"]
[SourceDate "2005.11.24"]
[SourceVersion "1"]
[SourceVersionDate "2005.11.24"]
[SourceQuality "1"]

1. d4 Nf6 2. Bg5 e6 3. e4 Be7 4. Bd3 d5 5. e5 Nfd7 6. Bxe7 Qxe7 7. c3 c5 8. Nf3 Nc6 9. 0-0 f6 10. exf6 Qxf6 11. Qc2 g6 12. Bb5 0-0 13. Bxc6 bxc6 14. Qe2 cxd4 15. cxd4 c5 16. Re1 Rb8 17. b3 Rb6 18. Qe3 cxd4 19. Qxd4 Qxd4 20. Nxd4 e5 21. Nf3 e4 22. Nd4 Rbf6 23. f3 Nc5 24. Nc3 Bb7 25. Nce2 Nd3 26. Rf1 Ne5 27. fxe4 dxe4 28. Rxf6 Rxf6 29. Rf1 Kg7 30. Nf4 Bc8 31. g3 Bg4 32. Rc1 Rf7 33. h3 Nf3+ 34. Nxf3 Bxf3 35. Ne6+ Kf6 36. Nd4 Ke5 37. Nc6+ Kd5 38. Nb4+ Kd4 39. Rc4+ Ke3 40. Nc2+ Kd2 41. Nd4 Bd1 42. Nb5 Be2 43. Rd4+ Bd3 44. Nd6 Re7 45. Nc4+ Kc3 46. Rd5 Bxc4 47. bxc4 Kxc4 48. Ra5 Rf7 49. Ra4+ Kd3 50. Ra3+ Ke2 51. Ra4 e3 52. Rd4 Ke1 53. Kg2 Rf2+ 54. Kg1 Rxa2 55. Rd3 e2 56. Kg2 Rd2 57. Ra3 Kd1 58. Kf3 e1N+ 59. Kg4 Rd7 60. Ra1+ 0-1